eastenders - Statistics

General Stats
  • This quiz has been taken 526 times
  • The average score is 10 of 15
Answer Stats
Hint Answer % Correct
how many children does peggy have ? 3
97%
how many children does max branning have ? 4
96%
how many times has sharon been married? 2
87%
what is the local pub called ? queen victoria
86%
who is lexi's father ? ben mitchell
79%
who killed archie mitchell? stacey slater
73%
who raped stacey slater ? archie mitchell
71%
who raped Linda carter ? dean wicks
68%
who is Janine's father? frank butcher
65%
who was peters true love ? lauren branning
65%
how did derek die ? heart attack
64%
which cousin did lauren date ? joey branning
56%
what is the name of carol Jackson's son who died? billie jackson
45%
who plays peter beale ? ben hardy
29%
what s the name of Cindy's baby? beth
28%
No matching quizzes found
Score Distribution
Percent of People with Each Score
Percentile by Number Answered
Your Score History
You have not taken this quiz